A mesterséges intelligencia és a robotika alkalmazása a szállodaiparban

Bibliográfiai részletek
Szerző: Kádas Tamás
További közreműködők: Csabáné Budea Ildikó Mária
Dokumentumtípus: Diplomadolgozat
Kulcsszavak:mesterséges intelligencia
robotika
szállodaipar
technológia
turizmus
Online Access:http://dolgozattar.uni-bge.hu/59516

MARC

LEADER 00000nta a2200000 i 4500
001 dolg59516
005 20260409145155.0
008 260409suuuu hu om 000 hun d
040 |a BGE Dolgozattár Repozitórium  |b hun 
041 |a hu 
100 1 |a Kádas Tamás 
245 1 2 |a A mesterséges intelligencia és a robotika alkalmazása a szállodaiparban  |c Kádas Tamás  |h [elektronikus dokumentum] 
520 3 |a A mesterséges intelligencia (MI) manapság már hatalmas részét képezi a mindennapi életünknek, ezen kívül pedig már számos vállalat életében is megjelent, ide tartozik maga a szállodaipar is. A technológia és a mesterséges intelligencia rendkívül gyors ütemben fejlődik. Ez a nagy ütemű fejlődés egyre több lehetőséget kínál a szállodák számára, hogy több területen és szélesebb skálán tudják használni a mesterséges intelligenciát és a robotikát, ez pedig lehetőséget kínál többek között a vendégélmény növelésére, emellett pedig lehetővé teszi, hogy a szállodák növelni tudják a hatékonyságukat, így segítséget nyújthat a bevételek optimalizálásában is. Ahogyan sok iparág, úgy a szállodaipar is kihívásokat és problémákat rejt magában. Manapság az egyik legnagyobb kihívás a szállodák életében a munkaerőhiány. A munkaerőhiányra is képest megoldást nyújtani a mesterséges intelligencia, illetve a robotika, hiszen sok-sok olyan feladat van a szállodák működésében, amit ezen eszközök segítségével könnyedén lehet optimalizálni. Emellett rendkívül fontos manapság a fenntarthatóság a szállodák életében is, amire szintén számos megoldás létezik ezen technológiák által 
695 |a mesterséges intelligencia 
695 |a robotika 
695 |a szállodaipar 
695 |a technológia 
695 |a turizmus 
700 1 |a Csabáné Budea Ildikó Mária  |e ths 
856 4 0 |u http://dolgozattar.uni-bge.hu/59516/1/Kadas_Tamas_A_mesterseges_intelligencia_es_a_robotika_alkalmazasa_a_szallodaiparban.pdf  |z Dokumentum-elérés 
856 4 0 |u http://dolgozattar.uni-bge.hu/59516/2/B%C3%ADr%C3%A1lati%20lap_K%C3%A1das%20Tam%C3%A1s-Csab%C3%A1n%C3%A9%20Budea_2025.pdf  |z Dokumentum-elérés 
856 4 0 |u http://dolgozattar.uni-bge.hu/59516/3/Ka%CC%81das%20Tama%CC%81s_b%C3%ADr%C3%A1lat_%20Jakab%20G%C3%A1bor.pdf  |z Dokumentum-elérés